Normal view
MARC view
- Pumping stations
Entry Topical Term
001 - CONTROL NUMBER
- control field: 41097
003 - CONTROL NUMBER IDENTIFIER
- control field: NUST
005 - DATE AND TIME OF LATEST TRANSACTION
- control field: 20210314131952.0
008 - FIXED-LENGTH DATA ELEMENTS
- fixed length control field: 210314|| aca||aabn | a|a d
040 ## - CATALOGING SOURCE
- Original cataloging agency: NUST
- Transcribing agency: NUST
150 ## - HEADING--TOPICAL TERM
- Topical term or geographic name entry element: Pumping stations
- Geographic subdivision: India
- Geographic subdivision: Gujarat
- General subdivision: Power supply
670 ## - SOURCE DATA FOUND
- Source citation: Work cat.: (NUST): Srivastava, Uma K. 41096, Wind energy for water pumping, from policy to action :, c1987.
